Gemeinden vom Landkreis Neumarkt i.d.Opf. - Statistiken

Allgemein
  • Dieses Quiz wurde 27 mal gespielt
  • Das Durchschnittsergebnis liegt bei 12 aus 19
Antwortstatistiken
Einwohner Gemeinde % Korrekt
9.063 Berching
88%
41.255 Neumarkt
82%
5.394 Deining
76%
5.246 Mühlhausen
76%
9.345 Freystadt
71%
7.667 Parsberg
71%
4.112 Sengenthal
65%
5.398 Seubersdorf
65%
5.553 Velburg
65%
8.182 Berg
59%
6.257 Dietfurt
59%
3.760 Lauterhofen
59%
2.960 Pilsach
59%
8.100 Postbauer-Heng
59%
2.627 Berngau
53%
3.600 Breitenbrunn
53%
2.358 Hohenfels
41%
5.832 Pyrbaum
41%
2.568 Lupburg
35%
Keine übereinstimmenden Quizze gefunden
Verteilung der Resultate
Anzahl Personen mit jedem Resultat
Perzentil nach korrekt beantworteten Fragen
Ihre Resultats-Entwicklung
Sie haben dieses Quiz noch nicht gespielt